Anagram Ladder Quiz Stats

Quiz Updated May 21, 2013

Also try: Chutes and Ladders
Challenge
Share
Tweet
Embed
Score 0/26 Timer 04:00
10 Plays Today
Clue 4-Letter Rung % Correct
Part of the handPALM
94.2%
A type of basketball dunkSLAM
93%
TranquilCALM
93%
Chowder ingredientCLAM
92.6%
Breakfast, lunch, or dinnerMEAL
92.2%
Citrus fruitLIME
91.8%
Beef, e.g.MEAT
91.1%
Lighting fixtureLAMP
90.4%
IdenticalSAME
90%
Physical fitness test: _____ runMILE
89.6%
A fruit, or a deep purple colorPLUM
89.1%
DomesticatedTAME
87.4%
Floor coverings, especially for yogaMATS
87.1%
Clue 4-Letter Rung % Correct
Postal system parcelMAIL
87%
Peruvian cityLIMA
86.3%
Sail supporterMAST
86.2%
Stitching between two pieces of fabricSEAM
85.8%
A mass with an indefinite shapeLUMP
84.5%
Attack and mangle, as a bear doesMAUL
84.4%
Milky Way companyMARS
82.9%
Bull or tom, e.g.MALE
82.4%
1962 novelty song: 'Monster _____'MASH
81.8%
Charity given to relieve the poorALMS
80.9%
A graduate, for shortALUM
80%
Certain extremitiesARMS
79.5%
A pillow coveringSHAM
73.3%

You're not logged in!

Compare scores with friends on all Sporcle quizzes.
Join for Free
OR
Log In

You Might Also Like...

Show Comments

Extras

Top Quizzes Today


Score Distribution

Your Account Isn't Verified!

In order to create a playlist on Sporcle, you need to verify the email address you used during registration. Go to your Sporcle Settings to finish the process.

Report this User

Report this user for behavior that violates our Community Guidelines.

Details: